| 000 | 00658nam a2200205Ia 4500 | ||
|---|---|---|---|
| 003 | GCL | ||
| 005 | 20240530095503.0 | ||
| 008 | 140319s9999 xx 000 0 ara d | ||
| 020 | _a39410258 | ||
| 040 |
_aGCL / _cGCL |
||
| 082 | 0 | 4 |
_a050 _bد/ع و |
| 245 | 1 | 0 | _aالعربى يوليو 2005 |
| 250 | _aالاولى | ||
| 260 |
_aالكويت : _bوزارة الاعلام بدولة الكويت ، _c2005 |
||
| 650 | 0 | 4 | _aالسينما - مصر |
| 650 | 0 | 4 | _aالاسلام و قضايا الاصلاح الدينى |
| 650 | 0 | 4 | _aالشارقة - الاحوال الثقافية |
| 650 | 0 | 4 | _aالادب العربى - الكويت |
| 942 |
_2ddc _cCR |
||
| 999 |
_c7749 _d7749 |
||